L'Eredità - Ghigliottina #3 - Statistics

Statistiche generali
  • Questo quiz è stato fatto 91 volte
  • Il punteggio medio è 2 su 5
Statistiche sulle risposte
Risposta % Corretto
La risposta è Rosa Deserto: la rosa del deserto è una formazione minerale. Gerico: la rosa di Gerico è una pianta. Romanzo: il “Romanzo della rosa” è un celebre poema francese. Colore: il rosa è un colore. Cronaca: la cronaca rosa è un genere giornalistico.
91%
La risposta è Verde Pubblico: il verde pubblico sono le aree verdi presenti in territorio urbano. Linea: la Linea Verde è un’area demilitarizzata istituita dall’ONU sull’isola di Cipro. Numero: il numero verde è un servizio che annulla ogni costo di chiamata per chi la effettua. Invidia: dall’espressione “essere verdi di invidia”. Giada: la giada verde è una varietà di giada.
66%
La risposta è Generale Assemblea: dall’Assemblea generale delle Nazioni Unite. Inverno: il generale inverno è un’espressione nata in relazione alla sconfitta di Napoleone nella campagna di Russia. Grado: generale è un grado dell’esercito. Esercito: generale è un grado dell’esercito. Via: dall’espressione “in via generale”.
29%
La risposta è Slitta Regalo: secondo la tradizione Babbo Natale porta i regali nelle case usando una slitta. Moto: da motoslitta. Cani: i cani da slitta. Pattini: in genere una slitta possiede due pattini. Obelisco: gli obelischi egizi furono trasportati su slitte.
22%
La risposta è Gallina Dinosauro: la gallina, come gli altri uccelli, è un dinosauro aviano. Vecchia: dal detto “gallina vecchia fa buon brodo”. Reggio Calabria: Gallina è una frazione di Reggio Calabria. Femmina: la gallina è la femmina del gallo. Livorno: nota razza di polli.
18%
Nessun quiz corrispondente trovato
Distribuzione punteggi
Percentuale di utenti per punteggio
Percentile per numero di risposta
I tuoi punteggi nel tempo
Non hai fatto questo quiz